[Event "CHN-SWE m"]
[Site "Beijing"]
[Date "2006.07.26"]
[Round "1"]
[White "Berg, Emanuel"]
[Black "Li, Chao B"]
[Result "1-0"]
[WhiteElo "2589"]
[BlackElo "2320"]
[Annotator "Berg,E"]
[PlyCount "53"]
[EventDate "2006.07.26"]
[EventType "schev"]
[EventRounds "6"]
[EventCountry "CHN"]
[SourceTitle "CBM 115"]
[Source "ChessBase"]
[SourceDate "2006.11.15"]
[SourceVersion "1"]
[SourceVersionDate "2006.11.15"]
[SourceQuality "1"]
[WhiteTeam "Sweden"]
[BlackTeam "China"]
[WhiteTeamCountry "SWE"]
[BlackTeamCountry "CHN"]

1. e4 c5 2. Nf3 d6 3. d4 cxd4 4. Nxd4 Nf6 5. Nc3 a6 6. Bg5 e6 7. f4 Qc7 8. Qf3
({White has the alternative} 8. Bxf6 gxf6 9. Qd2 {which perhaps is objectively
better. Anyway this type of position get a bit more boring and I wanted to
remain with as many pieces as possible on the board.}) 8... b5 9. Bd3 Nbd7 {
Now Black choses to go over to another variation that usually arise after 7...
Nbd7 8.Qf3 Qc7 9.0-0-0 b5 10.Bd3. More consistent is} (9... b4 {and comperad
to the game the knight is now foreced to go back.}) 10. O-O-O b4 11. Nd5 {
A standard sacrifice is this Najdorf variation. White gets a pawn for the
piece, but Black will get problems with his piece coordination and his King
will loose the right to castle.} exd5 12. Rhe1 $1 {Stronger than} (12. exd5 {
as now Black has the option to play} Be7 {and White has no longer got the
e5-thrust.}) 12... Bb7 ({Here} 12... Be7 {is answered with} 13. Nf5 $1 {
with the idea} Kf8 14. Nxe7 Kxe7 15. e5 dxe5 16. fxe5 Nxe5 17. Qxd5 Be6 18.
Rxe5 {with a winning position for White.}) 13. exd5+ Kd8 14. Nc6+ Bxc6 (14...
Kc8 {lose on the spot after} 15. Bxf6 Nxf6 16. Bf5+ {and Black must give up
the queen.}) 15. dxc6 Nb6 $146 {A Novelty according to my database. Probably
this is also a strenghtening compared with} (15... Nc5 {as was played in
Gruenfeld,Y-Gutman,L/Holon 1986. White quickly got a strong initiaitve after}
16. Bxf6+ gxf6 17. Bc4 {and later on also won the game.}) 16. Bh4 $5 {An
interesting waiting-move. The mainidea is to answer the natural reply 16...Be7
with 17.Qg3 and Black immediately get into trouble. Another idea is that the
Bishop in some variation might go down to f2 starting action on the queenside.}
Rc8 $2 {Now Black hasten too much to get out of his cramped position. Better
was} (16... a5 17. Bb5 Be7 {and slowly strengthen the position. Ofcourse White
still has good compensation but nevertheless it's materially speaken just a
pawn for the piece.}) ({On} 16... Be7 {there follows} 17. Qg3 {with the idea}
g6 $2 ({After} 17... Rg8 {White has the interesting option playing} 18. Bxh7
Rh8 19. Qxg7 Rxh7 20. Qxf6 Rxh4 21. Qxf7 Rh8 22. Re6 {with four pawns and
astrong initiative for the two sacrificed pieces.}) 18. Rxe7 Qxe7 19. Re1 {
winning for White.}) 17. Bxa6 Ra8 (17... Qxc6 {will be met by} 18. Qe2 $1 {
protecting c2 and threatening Bb5 followed by a Qe8+.} ({The endgame arising
after} 18. Bxc8 Qxf3 19. gxf3 Kxc8 {is less clear.}) 18... d5 19. Bxf6+ gxf6
20. Bxc8 Kxc8 21. Qa6+ {White has a clear advantage.}) 18. Bb7 Rxa2 19. Kb1 Ra5
20. Re5 $1 {A strong move, forcing the win for White without allowing any
counterplay.} Na4 (20... Nc4 {loses to} 21. Qe4 $1 Nxe5 22. fxe5 {and the
extra rook doesn't help much to Black in this position.}) 21. Qe4 Rxe5 22. fxe5
Qb6 {A tricky move threatening ...Nc3+} 23. Rd4 {Secures a safe future for
White. In case of} (23. exf6 {Black gets unnecessary counterplay with} Nc3+ 24.
Kc1 g5 ({or} 24... Nxe4 25. fxg7+ Kc7 26. Bd8+ (26. gxh8=Q $4 {loses to} Bh6+
27. Kb1 Nc3+) 26... Kxd8 27. gxh8=Q Ke7 {but ofcourse White is still wining
with} 28. Qd4)) 23... Nc5 24. Qd5 {Once again a safety-move. There is no need
to complicate matters with} (24. exf6 Nxe4 25. fxg7+ Kc7 26. gxh8=Q {even
though its still winning when playing correct. Black gets nasty counterplay
and chanses for perpetual checks after} Nc3+ 27. bxc3 bxc3+ 28. Kc1 Qb2+ 29.
Kd1 Qb1+ 30. Ke2 Qxc2+ 31. Kf3 Qf5+ {but when playing correct White has a win
here too.}) 24... b3 {Desperation. Black is lost and has no sign of any
counterplay.} 25. exd6 bxc2+ 26. Kxc2 Nxb7 27. Bxf6+ $1 {Black resigned in
view of the variation 27...gxf6 28.c7+ Kc8 29.Qf5#} 1-0

[Event "Corus-C"]
[Site "Wijk aan Zee"]
[Date "2007.01.20"]
[Round "7"]
[White "Berg, Emanuel"]
[Black "Negi, Parimarjan"]
[Result "1-0"]
[WhiteElo "2586"]
[BlackElo "2538"]
[Annotator "Berg,E"]
[PlyCount "163"]
[EventDate "2007.01.13"]
[EventType "tourn"]
[EventRounds "13"]
[EventCountry "NED"]
[EventCategory "10"]
[SourceTitle "CBM 116 Extra"]
[Source "ChessBase"]
[SourceDate "2007.03.07"]
[SourceVersion "1"]
[SourceVersionDate "2007.03.07"]
[SourceQuality "1"]

1. e4 c5 2. Nf3 d6 3. d4 cxd4 4. Nxd4 Nf6 5. Nc3 a6 6. Bg5 e6 7. f4 Nbd7 8. Qf3
Qc7 9. O-O-O b5 10. Bd3 Bb7 11. Rhe1 Be7 12. Qg3 b4 13. Nd5 exd5 14. exd5 Kd8
15. Nc6+ Bxc6 16. dxc6 {This forcing line is considered to be good for White
according to theory. However, many analyses are based on old games and so
improvements are to be found. I have played this variation two times before
and my conclusion is that it usually happens when the black player is not
familiar with the Nd5-sacrifice. However that was not the case in this game,
where my opponent had prepared a no less than 30-move long draw-variation.
Quite impressive, but was it really worth all the risks involved?} Nb6 (16...
Nc5 $5) 17. Bh4 Rg8 $5 {An interesting move which I had analysed myself.
However, it crossed my mind during the game that I hadn't come to any real
conclusion.} 18. Re2 $5 ({The straight forward move which I had prepared for
other games would be far too risky to play now. My opponent was playing very
quickly and for sure he had analysed this variations until the end.} 18. Bxh7
Rh8 19. Be4 $5 (19. Qxg7 {looks interesting, but after} Rxh7 20. Qxf6 Rxh4 21.
Qxf7 (21. Qg7 $5 Qxc6 22. Rxe7 Kxe7 23. Qg5+ Kd7 24. Qxh4 {doesn't look like
enough compensation either.}) 21... Rh8 {it is doubtful if White will have
enough compensation for the two sacrificed pieces.})) (18. Rd2 $5) (18. Qf3 $2
{doesn't look convincing at all after} d5 19. g4 Qxc6 20. g5 Nfd7 21. Rxe7 $2
Kxe7 22. g6+ Kf8 23. gxf7 Kxf7 24. Qh5+ g6 25. Qxh7+ Rg7 26. Qh6 Nc5 {0-1
Luther,T (2577)-Belov,V (2543)/playchess.com INT 2004/CBM 099 ext (38)}) 18...
Qxc6 ({In case of} 18... Ra7 $2 {White will play} 19. Bxh7 Rh8 20. Qxg7 Rxh7
21. Qxf6 Rxh4 22. Rde1 $3 $16 {threatening both Rxe7 and Qxh4 which Black
cannot defend against.}) 19. Bxh7 Re8 (19... Rh8 $2 20. Rxe7 $1 $16) 20. Qxg7 (
20. Rxe7 $5 Rxe7 21. Qxg7 Nxh7 {leads to the game.}) 20... Nxh7 21. Rxe7 Rxe7
22. Re1 Raa7 23. Qxf7 Nc8 (23... Nd5 $2 {is bad in view of} 24. Qg8+ $1 Nf8 25.
Qxf8+ Qe8 26. Qf5 $16) 24. Qxh7 $2 {This leads to a draw.} ({After} 24. Qg8+ $1
Qe8 25. Qxh7 Rad7 26. f5 Kc7 27. Bxe7 Nxe7 (27... Rxe7 28. Rxe7+ Qxe7 29. Qxe7+
Nxe7 30. g4 Nc6 31. h4 Ne5 32. g5 Kd8 33. h5 Ke7 34. h6 Kf7 35. h7 Kg7 36. g6
$18) 28. f6 Nd5 29. Qh4 {White has a really nice position.}) 24... Qxg2 25.
Qh8+ Kd7 26. Bxe7 Nxe7 27. Rxe7+ Kxe7 28. Qh7+ Ke6 29. Qxa7 Qh1+ 30. Kd2 {
This was the preparation of my young opponent. However, they missed to check
some details.} Qg2+ ({Easier is} 30... Qxh2+ 31. Kd3 Qxf4 {and the pawn
endgame after} 32. Qe3+ Qxe3+ 33. Kxe3 Ke5 34. Kd3 Kd5 $11 {draws easily.}) 31.
Kd1 Qf1+ 32. Kd2 Qg2+ 33. Ke1 Qe4+ (33... Qxc2 $11 34. Qxa6 Qc1+ {is another
draw.}) 34. Kf1 Qc4+ ({Again} 34... Qxc2 $11) 35. Kg2 $1 Qe4+ $2 ({Last chance
for} 35... Qxc2+ {and after} 36. Qf2 Qe4+ 37. Kg3 Kf5 $1 {Black probably has
enough activity to make a draw.} 38. Qd2 d5 39. h4 d4 40. h5 d3 41. Qc1 Qd4 (
41... Qe7)) 36. Kg3 Qg6+ 37. Kf3 Qh5+ 38. Kg3 Qg6+ 39. Kf3 Qh5+ 40. Ke3 Qh3+
41. Kd4 $1 Qxh2 42. f5+ $1 (42. Kd3 Qxf4 $11) 42... Kf6 (42... Kxf5 43. Qf7+
Kg5 44. Qe7+ Kf5 45. Qe4+ Kf6 46. Kc4 $14) 43. Kd3 Qh3+ 44. Kc4 Qxf5 45. Qd4+
Ke6 46. Kb3 a5 47. Qc4+ Kf6 48. Ka4 Qe5 49. b3 Qf5 50. Qc7 Qd5 $1 51. Qd8+ Kg6
52. Qe8+ Kf6 53. Qb5 Qe4 54. Qc4 Qf5 55. Qc7 Qd5 56. Qxa5 Qc6+ 57. Kxb4 Qxc2
58. Qd8+ Ke6 59. Qe8+ Kf6 60. Qh8+ Ke6 $2 {This makes the job considerably
easier for White.} (60... Kg6 $1 61. Qg8+ (61. Qd4 Qxa2 62. Qxd6+ Kf5 63. Qd5+
Kf4 64. Kb5 Kg3 65. Qe5+ Kg2 66. b4 Kh1 $1 {is a theoretical drawn endgame
even though the white pawn reaches b7.}) 61... Kf6 62. Qf8+ Ke6 63. Qh6+ Kd7
64. Qh3+ Kd8 65. Qh4+ Ke8 66. Qd4 $1 Qxa2 67. Qxd6 $18 {Mate in 83 moves!!
according to tablebases. Now that the black king will not reach h1 White is
winning.}) 61. Qh3+ Kd5 62. Qf3+ Ke6 (62... Qe4+ 63. Qxe4+ Kxe4 64. a4 d5 65.
a5 {winning.}) 63. Qe3+ $1 Kd7 64. a4 {Now that the c5-square is covered the
a-pawn is able to run. The rest is just a matter of technice and time.} d5 (
64... Qc6) 65. a5 Qh2 66. Qa7+ Ke6 67. Qb6+ Kf5 68. a6 Qd2+ 69. Ka3 $1 Qc1+ 70.
Ka4 Qf4+ 71. Qb4 Qc7 72. Qb7 Qf4+ 73. b4 Qc4 74. a7 Qc2+ 75. Ka5 Qa2+ 76. Kb6
Qf2+ 77. Kc6 $1 Qc2+ 78. Kd7 Qe4 79. a8=Q Qe6+ 80. Kc7 Qe7+ 81. Kb8 Qe5+ 82.
Qc7 1-0

[Event "Corus-C"]
[Site "Wijk aan Zee"]
[Date "2007.01.18"]
[Round "5"]
[White "Berg, Emanuel"]
[Black "Spoelman, Wouter"]
[Result "1-0"]
[WhiteElo "2586"]
[BlackElo "2414"]
[Annotator "Berg,E"]
[PlyCount "91"]
[EventDate "2007.01.13"]
[EventType "tourn"]
[EventRounds "13"]
[EventCountry "NED"]
[EventCategory "10"]
[SourceTitle "CBM 116 Extra"]
[Source "ChessBase"]
[SourceDate "2007.03.07"]
[SourceVersion "1"]
[SourceVersionDate "2007.03.07"]
[SourceQuality "1"]

1. e4 c5 2. Nf3 d6 3. d4 cxd4 4. Nxd4 Nf6 5. Nc3 a6 6. Bg5 e6 7. f4 Be7 8. Qf3
Qc7 9. O-O-O Nbd7 10. Bd3 h6 11. Bh4 g5 12. fxg5 Ne5 13. Qe2 Nfg4 14. Nf3 hxg5
15. Bxg5 $5 {A very ambitious move. White wins a pawn but gets very passively
placed pieces for the nearst future.} ({Usually} 15. Bg3 {is played but here
White cannot count on much of an advantage.}) 15... Bxg5+ 16. Nxg5 Qc5 17. Nh3
{Forced since both ...Nxd3 and ...Nf2 was threatened.} Bd7 18. Kb1 b5 $6 {
A natural looking move, but it's more a weakening so instead Black should go
for} (18... O-O-O {at once and first after} 19. Rde1 Rdg8 20. Nd1 {he might
think of how to continue.}) 19. Rde1 O-O-O $1 {Black realises his mistake in
time. In the game Vasquez-Ricardi, 1st Magistral Endesa 2006, Black went for} (
19... Rc8 $2 20. Nd1 Nxd3 21. Qxd3 Ne5 22. Qc3 Qb6 23. Qg3 Qc5 24. Ne3 Bc6 25.
Nf2 {after which White consolidated and went on to win.}) 20. Nd1 Rdg8 21. Qd2
{White slowly improves his position slightly every move and it's Black who
must prove his compensation.} Bc6 22. Re2 Kb7 {Now Black is about to play ...
b5-b4 and the rush with the a-pawn creating some attacking chances.} 23. a3 $1
{Stops Black's plans for the moment and throughs the ball over again.} Qb6 {
Black tries to support a5 with his queen, but now he looses some important
control on the other side of the board allowing White to create counterplay.}
24. Qf4 $1 a5 25. Ng5 {Activating the knight and at the same time threatens
the f7-pawn.} b4 {Black decides to go for the attack at once sacificing the
f7-pawn. After} (25... Rg7 {or ...Rf8 White gets some important extra time to
consolidate and can ffor instance play h3 followed by Rf1 forcing either an
exchange on d3 or a knight retreat to h6, which is both favourable for White.})
26. Nxf7 Rf8 27. Nxd6+ Kc7 28. Nf5 {White actually looses a piece, but having
four pawns for it and strong counterplay it he is obviously better.} exf5 ({
In case of} 28... Kb7 {White should play} 29. Rhe1 $1 exf5 30. exf5 Nxd3 31.
cxd3 Nf6 32. Ne3 {with four pawns and a strong initiative for the sacrificed
piece.}) 29. exf5 Re8 30. Rhe1 Qc5 ({Here} 30... Kb7 {is met by} 31. Be4 $1 ({
Worse is} 31. Rxe5 $2 Nxe5 32. Rxe5 Qc7 {and Black wins another exchange.})
31... Nf6 32. Bxc6+ Nxc6 33. Rxe8 Rxe8 34. Rxe8 Nxe8 35. f6 $1 Qg1 36. f7 Qxd1+
37. Qc1 $3 $18 {A nice finish where Black is unable to stop the f-pawn from
queening.}) 31. h3 Kb6 32. axb4 axb4 33. hxg4 Nxd3 34. cxd3 Rxe2 35. Rxe2 Rh1 {
Black has given back the piece and is now four pawn down. However the pin on
the first rank is quite annoying and White must play accurate to finish off
the game.} 36. Qc1 $1 (36. Rd2 {is also winning, but after} Ba4 {White must
find} 37. Qb8+ ({as after} 37. Qf3 $2 Rxd1+ 38. Rxd1 Qc2+ 39. Ka1 Qxd1+ 40.
Qxd1 Bxd1 {he will have to settle for a draw.} 41. f6 Bb3 42. g5 Bf7 43. Kb1
Kc5 44. Kc2 Kd4 45. Kd2 $11 Bg6) 37... Ka5 38. Qa8+ Kb5 39. Qe8+ Ka5 40. Qe2
$18 {Everything is protected and White is simply winning. The last try is} Qg1
{but then} 41. Qe5+ Ka6 42. Qe6+ Ka5 43. b3 {wins.}) 36... Ba4 ({The best
chance would have been} 36... Qd4 $1 37. Qc2 (37. Qd2 Bb5) 37... Qxg4 38. Kc1 (
38. f6 Ba4 $1 39. Qxa4 Qxe2 40. Qxb4+ Kc6 41. Qc4+ Kb6 42. Qb3+ Ka6 43. Kc1
Qe3+ 44. Kc2 Qe2+ 45. Kc1 $11) 38... Qxf5 {at least winning back some pawns,
but still White has enough material and should be wining after} 39. Qc4 Qg5+
40. Kc2 Rh4 41. Qe6 $1 Qc5+ 42. Kd2 Rd4 43. Ne3 {when his pieces will soon
start working again.}) 37. Re6+ $1 (37. Rd2 $2 {is only a draw after} Qg1 38.
Qc4 Bxd1 39. Qxb4+ Kc7 40. Ka2 Qa7+ 41. Qa3 Qxa3+ 42. Kxa3 Bxg4 43. Rf2 Kd6 $11
) 37... Kb5 (37... Bc6 38. b3 $18) 38. Nc3+ bxc3 39. Qxh1 Qf2 40. Re5+ (40. Qc1
{is also winning.}) 40... Kb4 41. bxc3+ ({A terrible mistake would be} 41. Re4+
$4 Kb3 $1 {and after} 42. Qc1 c2+ 43. Ka1 Qa7 $19 {it is Black who is winning.}
) 41... Ka3 42. Qc1+ Kb3 43. Qd1+ Ka3 44. Re2 $3 Qb6+ 45. Ka1 {A nice finish
with a temporary queen sacrifice.} Bc2 (45... Bxd1 46. Ra2+ Kb3 47. Rb2+ Kxc3
48. Rxb6 $18) 46. Qc1+ {No more trix.} ({Of course not} 46. Rxc2 $4 Qb2+ 47.
Rxb2 {when the black king is stalemated.}) 1-0